نظم قواعد البيانات : (رقم التسجيلة. 34079)
[ عرض عادي ]
| 000 -الفاتح | |
|---|---|
| حقل البيانات ثابتة الطول | 00718nam a22002057a 4500 |
| 003 - محدد رقم الضبط | |
| رقم الضبط | OSt |
| 005 - وقت وتاريخ اخر تعامل مع التسجيلة | |
| رقم الضبط | 20150408114210.0 |
| 008 - عناصر البيانات ثابتة الطول - معلومات عامة | |
| حقل البيانات ثابتة الطول | 110824s 2008jo a g b 00| 0 arad |
| 040 ## - مصدر الفهرسة | |
| وكالة النسخ | ma-un |
| 082 ## - رقم تصنيف ديوى العشرى | |
| رقم الطبعة | 21 |
| رقم التصنيف | 005.74 |
| رقم المادة | د س ن |
| 100 ## - المدخل الرئيسى - إسم شخصى | |
| الإسم الشخصى | داود، سرحان سليمان |
| 9 (RLIN) | 3105 |
| 245 ## - بيان العنوان | |
| العنوان | نظم قواعد البيانات : |
| بقية العنوان | الأسس والمفاهيم / |
| بيان المسئوليه,etc | سرحان سليمان داود. |
| 250 ## - بيان الطبعة | |
| بيان الطبعة | ط. 1 |
| 260 ## - PUBLICATION, DISTRIBUTION, ETC. (IMPRINT) | |
| مكان الناشر او الموزع | عمان، الأردن : |
| اسم الناشر او الموزع | دار تسنيم، |
| تاريخ النشر أو التوزيع | 2008 |
| 300 ## - الوصف المادى | |
| التعداد | 234 ص. : |
| تفاصيل ماديه اخرى للوعاء | أشكال ؛ |
| أبعاد الوعاء | 24سم. |
| 504 ## - تبصرة ببليوجرافية | |
| تبصرة ببليوجرافية,الخ | قائمة ببليوجرافية. |
| 650 ## - المدخل الاضافى بالموضوع-مصطلح موضوعى | |
| مصطلح موضوعي أو اسم جغرافي كعنصر مدخل | الحاسبات الإلكترونية. |
| 650 ## - المدخل الاضافى بالموضوع-مصطلح موضوعى | |
| مصطلح موضوعي أو اسم جغرافي كعنصر مدخل | قواعد البيانات. |
| 9 (RLIN) | 3106 |
| 942 ## - عناصر المدخل الإضافي( كوها) | |
| مصدر التصنيف او مخطط الترفيف | Dewey Decimal Classification |
| Koha [default] item type | كتاب |
| حالة الفقد | نموذج السعر الفعال | حالة تلف | ليس للاعارة | رقم الطلب | تاريخ الاكتساب | الموقع الحالي | الباركود | الفرع الرئيسي | Date last seen | نوع المادة فى نظام كوها | مصدر التصنيف او خطة الترفيف | Total Checkouts |
|---|---|---|---|---|---|---|---|---|---|---|---|---|
| 2014-03-09 | 005.74 د س ن | 2014-03-09 | المكتبة المركزية بالمجمعة (CL) | 00128664 | المكتبة المركزية بالمجمعة (CL) | 2014-03-09 | كتاب | Dewey Decimal Classification | ||||
| 2014-03-09 | 005.74 د س ن | 2014-03-09 | المكتبة المركزية بالمجمعة (CL) | 00128665 | المكتبة المركزية بالمجمعة (CL) | 2014-03-09 | كتاب | Dewey Decimal Classification | ||||
| 2014-03-09 | 005.74 د س ن | 2014-03-09 | المكتبة المركزية بالمجمعة (CL) | 00128666 | المكتبة المركزية بالمجمعة (CL) | 2014-03-09 | كتاب | Dewey Decimal Classification | ||||
| 2014-03-11 | 005.74 د س ن | 2014-03-11 | مكتبة كلية العلوم و الدراسات الإنسانية برماح - طلاب (SRM) | 00128764 | مكتبة كلية العلوم و الدراسات الإنسانية برماح - طلاب (SRM) | 2014-03-11 | كتاب | Dewey Decimal Classification | ||||
| 2014-03-11 | 005.74 د س ن | 2014-03-11 | مكتبة كلية العلوم و الدراسات الإنسانية برماح - طلاب (SRM) | 00128765 | مكتبة كلية العلوم و الدراسات الإنسانية برماح - طلاب (SRM) | 2014-03-11 | كتاب | Dewey Decimal Classification | ||||
| 2014-03-11 | 005.74 د س ن | 2014-03-11 | مكتبة مجمع الكليات بالزلفى - طلاب (SZM) | 00128766 | مكتبة مجمع الكليات بالزلفى - طلاب (SZM) | 2014-03-11 | كتاب | Dewey Decimal Classification | ||||
| 2014-03-11 | 005.74 د س ن | 2014-03-11 | مكتبة مجمع الكليات بالزلفى - طلاب (SZM) | 00128767 | مكتبة مجمع الكليات بالزلفى - طلاب (SZM) | 2014-03-11 | كتاب | Dewey Decimal Classification |
